Personnages d'anime (manga) en images - N - Statistiques

Statistiques générales
  • Ce quiz a été pris 455 fois
    441 depuis la dernière actualisation
  • Le résultat moyen est 4 sur 20
Statistiques - réponses
Par images Réponse % Correct
Nezuko Kamado
94%
Neji Hyuga
86%
Nagisa Shiota
80%
Nobara Kugisaki
76%
Nelliel Tu Odelschwanck
24%
Nao Tomari
8%
Nunnally vi Britannia
7%
Nicolas Brown
6%
Natural Harmonia Gropius
5%
Niki Hanada
5%
Noel Niihashi
5%
Nanami Kuon
4%
Nice
2%
Nijika Ichiji
2%
Nyanta
2%
Nancy Schaal Bancroft
1%
Nasuno Takamiya
1%
Natsume
1%
Nikaido
1%
Nobume Imai
1%
Aucun quiz correspondant
Distribution des résultats
% des personnes avec chaque résultat
Percentile par nombre de réponses
Votre historique - résultats
Vous n’avez pas pris ce quiz depuis la dernière actualisation